[Event "Legnica Voivoda Cup 26th"]
[Site "Legnica"]
[Date "2010.11.29"]
[Round "7"]
[White "Pieniazek, Artur"]
[Black "Sieciechowicz, Marcin"]
[Result "1/2-1/2"]
[WhiteElo "2366"]
[BlackElo "2446"]
[PlyCount "148"]
[EventDate "2010.11.25"]
[EventType "tourn"]
[EventRounds "9"]
[EventCountry "POL"]
[EventCategory "8"]
[SourceTitle "CBM 139 Extra"]
[Source "ChessBase"]
[SourceDate "2011.01.05"]
[SourceVersion "1"]
[SourceVersionDate "2011.01.05"]
[SourceQuality "1"]

1. d4 d5 2. c4 c6 3. Nf3 Nf6 4. Nc3 e6 5. cxd5 exd5 6. Bg5 Be7 7. e3 Bf5 8. Bd3 Bxd3 9. Qxd3 0-0 10. Bxf6 Bxf6 11. b4 Qd6 12. Rb1 b5 13. a4 a5 14. bxa5 b4 15. Na2 Na6 16. 0-0 c5 17. Qd2 Rab8 18. dxc5 Qxc5 19. Nd4 Bxd4 20. Qxd4 Qc4 21. Qb2 b3 22. Nc3 Nc5 23. Rfd1 Nxa4 24. Nxa4 Qxa4 25. Rxd5 Rfc8 26. h3 h6 27. Kh2 Qe4 28. Rd2 Rb4 29. Rd4 Rxd4 30. exd4 Rc2 31. Qxb3 Rxf2 32. Rg1 Qxd4 33. Qg3 Rf5 34. a6 Ra5 35. Qb8+ Kh7 36. Qb1+ f5 37. Rf1 Qd6+ 38. Kh1 Qxa6 39. Qd1 Qe6 40. Qf3 Re5 41. Qf2 Qg6 42. Qf3 Qg5 43. Kh2 Qe7 44. Kh1 Qd6 45. Rd1 Qb4 46. Rf1 Qd2 47. Qf4 Qxf4 48. Rxf4 g5 49. Ra4 Re1+ 50. Kh2 Kg6 51. Ra6+ Kg7 52. Kg3 Re3+ 53. Kf2 Re7 54. Kg3 Re2 55. Kf3 Re5 56. h4 Rb5 57. hxg5 hxg5 58. g3 Rb3+ 59. Kf2 Kf7 60. Rc6 Rb5 61. Ra6 Re5 62. Rb6 Re6 63. Rb5 Kg6 64. Ra5 Rb6 65. Rc5 Rb2+ 66. Kf1 Rd2 67. Ra5 Kf6 68. Rb5 Rd6 69. Kf2 Rd4 70. Ra5 Ke6 71. Rb5 Rd2+ 72. Ke3 Rc2 73. g4 f4+ 74. Kd3 Rg2 1/2-1/2

[Event "Legnica Voivoda Cup 26th"]
[Site "Legnica"]
[Date "2010.11.28"]
[Round "5"]
[White "Pieniazek, Artur"]
[Black "Butkiewicz, Lukasz"]
[Result "0-1"]
[WhiteElo "2366"]
[BlackElo "2408"]
[PlyCount "108"]
[EventDate "2010.11.25"]
[EventType "tourn"]
[EventRounds "9"]
[EventCountry "POL"]
[EventCategory "8"]
[SourceTitle "CBM 139 Extra"]
[Source "ChessBase"]
[SourceDate "2011.01.05"]
[SourceVersion "1"]
[SourceVersionDate "2011.01.05"]
[SourceQuality "1"]

1. d4 Nf6 2. c4 c5 3. d5 e6 4. Nc3 exd5 5. cxd5 d6 6. e4 g6 7. Nf3 a6 8. a4 Bg4 9. Be2 Bxf3 10. Bxf3 Nbd7 11. Bf4 Qe7 12. 0-0 Bg7 13. Qc2 0-0 14. a5 Rfe8 15. Rfe1 Rac8 16. Ra4 h6 17. Bd2 g5 18. Be2 Ne5 19. Nd1 Nfd7 20. Ne3 Qf8 21. b3 Ng6 22. Bg4 Rc7 23. Bxd7 Rxd7 24. b4 Rc8 25. Qb3 Ne5 26. bxc5 dxc5 27. Nc4 Nxc4 28. Rxc4 Qd6 29. Bc3 Re7 30. Bxg7 Kxg7 31. Qc3+ Kh7 32. Rb1 Rce8 33. Rb6 Qxd5 34. f3 Qd1+ 35. Kf2 Rd8 36. Kg3 Rd2 37. Kh3 Qe2 38. Rxh6+ Kxh6 39. Qf6+ Kh7 40. Qf5+ Kh6 41. Qf6+ Kh7 42. Qf5+ Kg7 43. Qxg5+ Kf8 44. Rxc5 Rd6 45. Qh4 Re8 46. Qh8+ Ke7 47. Qe5+ Re6 48. Qc7+ Kf8 49. Rh5 Rg6 50. Qc5+ Kg8 51. Rg5 Ree6 52. Qc8+ Kh7 53. Rh5+ Rh6 54. Rxh6+ Rxh6+ 0-1

[Event "Legnica Voivoda Cup 26th"]
[Site "Legnica"]
[Date "2010.11.26"]
[Round "3"]
[White "Dragun, Kamil"]
[Black "Pieniazek, Artur"]
[Result "0-1"]
[WhiteElo "2407"]
[BlackElo "2366"]
[PlyCount "98"]
[EventDate "2010.11.25"]
[EventType "tourn"]
[EventRounds "9"]
[EventCountry "POL"]
[EventCategory "8"]
[SourceTitle "CBM 139 Extra"]
[Source "ChessBase"]
[SourceDate "2011.01.05"]
[SourceVersion "1"]
[SourceVersionDate "2011.01.05"]
[SourceQuality "1"]

1. e4 c5 2. Nf3 e6 3. d4 cxd4 4. Nxd4 Nf6 5. Nc3 d6 6. Be3 a6 7. f3 b5 8. Qd2 Nbd7 9. g4 h6 10. Bd3 Bb7 11. 0-0-0 b4 12. Nce2 d5 13. exd5 Bxd5 14. Kb1 Bc5 15. Nf4 Qb6 16. Be2 0-0-0 17. c4 Bb7 18. Nc2 Bxe3 19. Nxe3 Ne5 20. c5 Rxd2 21. cxb6 Rhd8 22. Rxd2 Rxd2 23. Rc1+ Kb8 24. Nc4 Nxc4 25. Rxc4 a5 26. Kc1 Rd6 27. Rc5 Rc6 28. Nd3 Nd7 29. Rxc6 Bxc6 30. Kd2 Kb7 31. b3 Kxb6 32. Nb2 Bd5 33. Ke3 Kc5 34. h4 g5 35. hxg5 hxg5 36. Na4+ Kd6 37. f4 gxf4+ 38. Kxf4 e5+ 39. Kf5 Be6+ 40. Kg5 Nc5 41. Nb2 Ne4+ 42. Kh6 Nc3 43. Nc4+ Bxc4 44. Bxc4 e4 45. Bxf7 e3 46. Bc4 e2 47. Bxe2 Nxe2 48. g5 Nf4 49. g6 Nxg6 0-1

[Event "POL-chT 1st League"]
[Site "Katowice"]
[Date "2010.09.11"]
[Round "8"]
[White "Pieniazek, Artur"]
[Black "Skalski, Michal"]
[Result "1/2-1/2"]
[WhiteElo "2374"]
[BlackElo "2447"]
[PlyCount "41"]
[EventDate "2010.09.04"]
[EventType "team-tourn"]
[EventRounds "9"]
[EventCountry "POL"]
[SourceTitle "EXT 2019"]
[Source "ChessBase"]
[SourceDate "2018.10.10"]
[SourceVersion "1"]
[SourceVersionDate "2018.10.10"]
[SourceQuality "1"]
[WhiteTeam "Legnica Miedz"]
[BlackTeam "Pultusk Nadnarwianka"]
[WhiteTeamCountry "POL"]
[BlackTeamCountry "POL"]

1. d4 g6 2. c4 Bg7 3. Nf3 c5 4. d5 b5 5. cxb5 a6 6. bxa6 d6 7. g3 Nf6 8. Nc3 0-0 9. Bg2 Bxa6 10. 0-0 Nbd7 11. Qc2 Qa5 12. Rd1 Rfb8 13. Rb1 Ng4 14. Bd2 Nge5 15. Nxe5 Nxe5 16. b3 Qa3 17. Bc1 Qa5 18. Bd2 Qa3 19. Bc1 Qa5 20. Bd2 Qa3 21. Bc1 1/2-1/2

[Event "POL-chT 1st League"]
[Site "Katowice"]
[Date "2010.09.10"]
[Round "7"]
[White "Pieniazek, Artur"]
[Black "Praszak, Michal"]
[Result "1-0"]
[WhiteElo "2374"]
[BlackElo "2215"]
[PlyCount "164"]
[EventDate "2010.09.04"]
[EventType "team-tourn"]
[EventRounds "9"]
[EventCountry "POL"]
[SourceTitle "EXT 2019"]
[Source "ChessBase"]
[SourceDate "2018.10.10"]
[SourceVersion "1"]
[SourceVersionDate "2018.10.10"]
[SourceQuality "1"]
[WhiteTeam "Legnica Miedz"]
[BlackTeam "Lublin Drakon SKOK Chmielewskiego"]
[WhiteTeamCountry "POL"]
[BlackTeamCountry "POL"]

1. d4 Nf6 2. c4 c5 3. d5 b5 4. cxb5 a6 5. bxa6 Bxa6 6. g3 g6 7. Bg2 d6 8. Nf3 Bg7 9. Nc3 0-0 10. 0-0 Nbd7 11. Qc2 Qa5 12. Rd1 Rfb8 13. Rb1 Ne8 14. Bd2 Nc7 15. a4 Qb6 16. b3 Bb7 17. Ng5 Nf6 18. Be1 h6 19. Nh3 Na6 20. Nb5 Bc8 21. Nf4 Bd7 22. Na3 Nb4 23. Bxb4 Qxb4 24. Nc4 Bf5 25. e4 Bc8 26. e5 Bf5 27. Nd3 Bxd3 28. Qxd3 Ne8 29. e6 f5 30. g4 Nf6 31. gxf5 g5 32. a5 Nh5 33. f6 Nxf6 34. Qg6 Rf8 35. Ne3 Ng4 36. Be4 Rf4 37. Nf5 Rxf5 38. Qxf5 Nf6 39. Bd3 Rxa5 40. Ra1 Ra3 41. Rxa3 Qxa3 42. Qg6 Kh8 43. h3 Qa8 44. Bc2 Qe8 45. Qf5 Qa8 46. Kh2 Kg8 47. Bb1 Qa6 48. Rd2 Qa8 49. f4 gxf4 50. Rg2 Qe8 51. Qxf4 Qf8 52. Qf5 Qe8 53. Ra2 Qh5 54. Ra8+ Bf8 55. Qxh5 Nxh5 56. Be4 Nf6 57. Bf3 Kg7 58. Kg3 Nh7 59. h4 Nf6 60. Kf4 Ng8 61. Kf5 Nf6 62. Rb8 Nh7 63. Rc8 Nf6 64. Ra8 Nh7 65. Rb8 Nf6 66. h5 Nh7 67. Ra8 Ng5 68. Bg2 Nh7 69. Rb8 Nf6 70. Bf3 Nh7 71. b4 cxb4 72. Rxb4 Ng5 73. Be4 Nh7 74. Rb1 Ng5 75. Rg1 Kh7 76. Rxg5 hxg5 77. Kxg5+ Kg7 78. h6+ Kg8 79. Bd3 Kh8 80. Kg6 Kg8 81. h7+ Kh8 82. Kf7 Bg7 1-0

[Event "POL-chT 1st League"]
[Site "Katowice"]
[Date "2010.09.05"]
[Round "2"]
[White "Wandzik, Wojciech"]
[Black "Pieniazek, Artur"]
[Result "1/2-1/2"]
[WhiteElo "2199"]
[BlackElo "2374"]
[PlyCount "111"]
[EventDate "2010.09.04"]
[EventType "team-tourn"]
[EventRounds "9"]
[EventCountry "POL"]
[SourceTitle "EXT 2019"]
[Source "ChessBase"]
[SourceDate "2018.10.10"]
[SourceVersion "1"]
[SourceVersionDate "2018.10.10"]
[SourceQuality "1"]
[WhiteTeam "Gliwice Politechnika Slaska"]
[BlackTeam "Legnica Miedz"]
[WhiteTeamCountry "POL"]
[BlackTeamCountry "POL"]

1. e4 c5 2. Nf3 e6 3. d4 cxd4 4. Nxd4 Nf6 5. Nc3 d6 6. Be2 Be7 7. 0-0 0-0 8. f4 Nc6 9. Be3 a6 10. Qe1 Bd7 11. Qg3 b5 12. a3 Nxd4 13. Bxd4 Bc6 14. Rae1 Qd7 15. Bd3 a5 16. Qh3 g6 17. Kh1 b4 18. axb4 axb4 19. Nd1 e5 20. fxe5 Qxh3 21. gxh3 dxe5 22. Bxe5 Nd7 23. Bd4 Bc5 24. c3 Rfe8 25. Nf2 h5 26. Kg1 bxc3 27. bxc3 Ra4 28. Be3 Ra3 29. Bc4 Bxe3 30. Rxe3 Nb6 31. Be2 Re5 32. Rb1 Nd7 33. h4 Kg7 34. Rb4 Rc5 35. Rc4 Ra1+ 36. Kg2 Ra2 37. Rxc5 Nxc5 38. Bf3 Ra4 39. Kg3 Kf8 40. h3 Ke7 41. Nd3 Nxd3 42. Rxd3 Rc4 43. Bg2 Ke6 44. Kf4 Rc5 45. Re3 Bb5 46. Bf3 Bc4 47. Bd1 Ra5 48. Be2 Bxe2 49. Rxe2 Rc5 50. Re3 Rc4 51. Rd3 f5 52. Rd4 Rxc3 53. exf5+ gxf5 54. Ra4 Rxh3 55. Ra6+ Ke7 56. Ra7+ 1/2-1/2

[Event "POL-chT 1st League"]
[Site "Ustron"]
[Date "2008.09.06"]
[Round "1"]
[White "Zezulkin, Jurij"]
[Black "Pieniazek, Artur"]
[Result "1/2-1/2"]
[WhiteElo "2448"]
[BlackElo "2376"]
[PlyCount "255"]
[EventDate "2008.09.06"]
[EventType "team-tourn"]
[EventRounds "9"]
[EventCountry "POL"]
[SourceTitle "CBM 126 Extra"]
[Source "ChessBase"]
[SourceDate "2008.11.05"]
[SourceVersion "1"]
[SourceVersionDate "2008.11.05"]
[SourceQuality "1"]
[WhiteTeam "Kozuchow Odrodzenie"]
[BlackTeam "Legnica Miedz"]
[WhiteTeamCountry "POL"]
[BlackTeamCountry "POL"]

1. e4 c5 2. Nc3 e6 3. Nf3 a6 4. d4 cxd4 5. Nxd4 d6 6. Be3 b5 7. f3 b4 8. Nce2 Nf6 9. g4 e5 10. Nf5 d5 11. g5 dxe4 12. Qxd8+ Kxd8 13. 0-0-0+ Kc7 14. gxf6 Bxf5 15. Ng3 Be6 16. f4 Bg4 17. Be2 Bxe2 18. Nxe2 Nc6 19. Rhf1 gxf6 20. fxe5 Nxe5 21. Ng3 Be7 22. Nf5 Rhe8 23. Nxe7 Rxe7 24. Rxf6 Nd7 25. Rf5 f6 26. Bf4+ Kc8 27. Bd6 Re6 28. Bxb4 Rb8 29. Bc3 Rb7 30. a4 Rc7 31. Bd4 e3 32. Re1 Rc4 33. Rxe3 Rxe3 34. Bxe3 Rxa4 35. b3 Rh4 36. Bf4 Rg4 37. Bg3 Rg5 38. Rf4 Kb7 39. Kb2 h5 40. Rd4 Ne5 41. Rd6 Rf5 42. Rd4 Nf3 43. Rb4+ Kc6 44. Ra4 Kb7 45. Rb4+ Kc6 46. Ra4 Kb7 47. h4 Ne5 48. Re4 Kc6 49. Ra4 Kb7 50. Bf4 Ng6 51. Be3 Re5 52. Bd4 Re6 53. Ra5 Nxh4 54. Rxh5 Nf3 55. Bc3 Ne5 56. Rh7+ Kc6 57. Rh4 Kd5 58. Rd4+ Kc6 59. Rf4 Kd5 60. Bd4 Nd7 61. c4+ Kc6 62. Rf5 Rd6 63. Kc3 Re6 64. Rh5 Re1 65. Rh8 Rc1+ 66. Kd2 Rb1 67. Kc2 Re1 68. Ra8 Kb7 69. Ra7+ Kc8 70. Rxa6 Rf1 71. Ra8+ Kb7 72. Rh8 Rf4 73. Be3 Re4 74. Kd2 Ne5 75. Rf8 Nxc4+ 76. bxc4 Rxc4 77. Rxf6 Rc6 78. Rf7+ Rc7 79. Rf5 Kc6 80. Kd3 Re7 81. Bf2 Re6 82. Kc4 Rg6 83. Ra5 Re6 84. Bd4 Kd6 85. Ra7 Kc6 86. Rf7 Rd6 87. Be5 Re6 88. Kd4 Rh6 89. Rc7+ Kb6 90. Kd5 Rg6 91. Rc2 Kb7 92. Rc7+ Kb6 93. Rc8 Kb5 94. Rh8 Rb6 95. Rh1 Ka6 96. Bd4 Rg6 97. Ra1+ Kb5 98. Rb1+ Ka6 99. Bc5 Rh6 100. Rb3 Rg6 101. Bd6 Rg4 102. Kc6 Ka5 103. Rh3 Re4 104. Kc5 Ka6 105. Ra3+ Kb7 106. Rb3+ Ka6 107. Kd5 Rg4 108. Be7 Rf4 109. Rb1 Rg4 110. Bd8 Rf4 111. Rb6+ Ka7 112. Rh6 Rg4 113. Bb6+ Kb7 114. Be3 Rg7 115. Rb6+ Kc7 116. Ra6 Rd7+ 117. Kc5 Kb7 118. Rb6+ Kc8 119. Bf4 Rf7 120. Be5 Re7 121. Kd5 Kd7 122. Bd6 Rf7 123. Ke5 Rf1 124. Bb4 Rf2 125. Bc5 Re2+ 126. Kd5 Rd2+ 127. Bd4 Rc2 128. Rh6 1/2-1/2

[Event "BL2-Nord 0506"]
[Site "Germany"]
[Date "2006.04.02"]
[Round "9.4"]
[White "Krajina, Davor"]
[Black "Pieniazek, Artur"]
[Result "1/2-1/2"]
[WhiteElo "2255"]
[BlackElo "2392"]
[PlyCount "30"]
[EventDate "2005.10.23"]
[EventType "team-tourn"]
[EventRounds "9"]
[EventCountry "GER"]
[SourceTitle "EXT 2007"]
[Source "ChessBase"]
[SourceDate "2006.11.23"]
[SourceVersion "1"]
[SourceVersionDate "2006.11.23"]
[SourceQuality "1"]
[WhiteTeam "Bremer SG"]
[BlackTeam "Kreuzberg II"]
[WhiteTeamCountry "GER"]
[BlackTeamCountry "GER"]

1. e4 c5 2. Nf3 e6 3. d4 cxd4 4. Nxd4 Nf6 5. Nc3 d6 6. g4 h6 7. h3 Nc6 8. Be3 a6 9. Bg2 Bd7 10. Qe2 Be7 11. f4 Qc7 12. Nb3 Na5 13. Nxa5 Qxa5 14. 0-0 Bc6 15. a3 0-0 1/2-1/2

[Event "BL2-Nord 0506"]
[Site "Germany"]
[Date "2006.02.19"]
[Round "7.3"]
[White "Pieniazek, Artur"]
[Black "Berger, Steve"]
[Result "1/2-1/2"]
[WhiteElo "2392"]
[BlackElo "2427"]
[PlyCount "27"]
[EventDate "2005.10.23"]
[EventType "team-tourn"]
[EventRounds "9"]
[EventCountry "GER"]
[SourceTitle "EXT 2007"]
[Source "ChessBase"]
[SourceDate "2006.11.23"]
[SourceVersion "1"]
[SourceVersionDate "2006.11.23"]
[SourceQuality "1"]
[WhiteTeam "Kreuzberg II"]
[BlackTeam "Ruedersdorf"]
[WhiteTeamCountry "GER"]
[BlackTeamCountry "GER"]

1. d4 e6 2. c4 Nf6 3. Nf3 b6 4. g3 Ba6 5. b3 Bb4+ 6. Bd2 Be7 7. Bg2 0-0 8. Bc3 d5 9. Ne5 Ne4 10. 0-0 Nxc3 11. Nxc3 c6 12. Rc1 Bf6 13. cxd5 exd5 14. Ng4 1/2-1/2